000 00754nam a22001937a 4500
005 20251108170123.0
008 250721s1999 xx 000 0 ara d
082 1 4 _aم/217.2/زيد
100 1 _aإبن أبي زيد، أبو محمد عبد الله بن عبد الرحمن النفري
245 1 0 _aالنوادر و الزيادات على مافي المدونة من غيرها من الأمهات /
264 1 _aبيروت :
_bدار الغرب الإسلامي،
_c1999.
300 _a15مج
650 1 7 _aالفقه المالكي
650 1 7 _aفقه السنة
700 1 _aالحلو، عبد الفتاح محمد
_eتحقيق
700 1 _aأبو جيزة، محمد أمين
_eتحقيق
942 _2ddc
_cREF
999 _c40218
_d40218